000 00525nam a22002172a 4500
999 _c8607
_d8607
001 8607
003 BD - JhCC
005 20180920094610.0
008 500101s1957 enk 000 0 eng d
035 _a(BD - JhCC)8607
040 _aDLC
_cGZM
_dEQO
_dBD - JhCC
041 _aeng
050 0 _aPZ4.F276
_bTh
082 _bFAV 1957
100 1 _aFaviell, Frances,
_d1913-
245 1 0 _aThalia /
_cFrances Faviell,
260 _aLondon :
_bCassell,
_c[1957]
300 _a288 p.
_c21 cm
942 _2ddc
_cBK